|
|
|
|
| LEADER |
01004aam a2200313 a 4500 |
| 001 |
000174318 |
| 003 |
AR-BeUNQ |
| 005 |
20240304104724.0 |
| 007 |
ta |
| 008 |
240304s1970 ag bd gr f001 0 spa |
| 999 |
|
|
|c 38211
|d 122011
|
| 015 |
|
|
|a AR-1970
|
| 040 |
|
|
|a AR-BaBN
|b spa
|c AR-BaBN
|e aacr
|
| 043 |
|
|
|a s-ag---
|
| 044 |
|
|
|a ag
|c ar-c
|
| 082 |
|
|
|a 373
|2 21
|
| 110 |
1 |
|
|a Argentina.
|b Ministerio de Cultura y Educación (1969-1981)
|
| 245 |
1 |
0 |
|a Profesorado de tiempo completo.
|
| 260 |
|
|
|a Buenos Aires :
|b Ministerio de Cultura y Educación,
|c [1970?]
|
| 264 |
|
3 |
|c 1970.
|
| 300 |
|
|
|a 81 p. :
|b diagrs., mapa ;
|c 21 cm.
|
| 490 |
1 |
|
|a La Reforma Educativa
|v 2
|
| 650 |
|
7 |
|a Enseñanza media
|2 spines
|
| 650 |
|
7 |
|a Profesores de enseñanza media
|2 spines
|
| 651 |
|
7 |
|a Argentina
|2 spines
|
| 710 |
2 |
|
|a Ministerio de Cultura y Educación.
|b Servicio de Difusión
|e edit.
|
| 830 |
|
0 |
|a Reforma Educativa
|v 2
|
| 929 |
|
|
|a DONACION
|b Flia. Mignone
|d 200,00
|e 20190228
|f PAT73530
|g 3455
|h 1
|j 61861
|
| 942 |
|
|
|c LIB
|n 1
|